000
00204 a2200097 4500
001
4143
100
_a
H,M.S
245
_a
Examples in electrical calculation
260
_a
_b
H.M.S
_c
090
_c
3360
_d
3360
942
_a
NUST-CAE
_c
M
_c
26225
999
_c
239216
_d
239216